000 00722cam a22002653a 4500
001 0000772
003 DO-SdBNP
005 20180130093122.0
007 0000772
008 861112 1981 sp a 000 0 spa d
010 _a
020 _a8430512071
040 _aBPMSU
_cspa
_dBPMSU
_d
100 1 _aHerrera, Juan Ignacio
245 1 0 _aLouis Pasteur /
_cJuan Ignacio Herrera ; ilustraciones Donato Lobo.
260 _aMadrid, EspaƱa :
_bSusaeta ediciones,
_c1981.
300 _a99 p.
_bil.
_c20 cm.
490 1 _aVidas ilustres
_v17
600 0 0 _a
_x
700 1 2 _aLobo, Donato,
_eil.
830 0 _aVidas ilustres
_n17
942 _2ddc
_cBK
945 _aInventariado, 2018 /LP
956 _2YLOCKWARD
_310
_8BPMSU
999 _c11758
_d11758